Les sources de la Constitution des États-Unis (Record no. 165775)

MARC details
000 -LEADER
campo de control de longitud fija 00731nam a2200181 i 4500
001 - NÚMERO DE CONTROL
campo de control 165775
003 - IDENTIFICADOR DE NÚMERO DE CONTROL
campo de control ES-MaACL
005 - FECHA Y HORA DE LA ÚLTIMA TRANSACCIÓN
campo de control 20230906213214.0
008 - DATOS DE LONGITUD FIJA--INFORMACIÓN GENERAL
campo de control de longitud fija 991104s1897 fr |||| | fre d
040 ## - FUENTE DE CATALOGACIÓN
Centro catalogador/agencia de origen M-RAJU
Lengua de catalogación spa
Centro/agencia transcriptor M-RAJU
Centro/agencia modificador CCPB | B
100 1# - ENTRADA PRINCIPAL--NOMBRE DE PERSONA
Nombre de persona Stevens, C. Ellis.
9 (RLIN) 132905
245 14 - MENCIÓN DEL TÍTULO
Título Les sources de la Constitution des États-Unis
Resto del título : étudiées dans leurs rapports avec l'histoire de l'Angleterre et de ses colonies /
Mención de responsabilidad, etc. par C. Ellis Stevens ; traduit sur la dernière édition anglaise et américain par Louis Vossion.
260 ## - PUBLICACIÓN, DISTRIBUCIÓN, ETC.
Lugar de publicación, distribución, etc. Paris :
Nombre del editor, distribuidor, etc. Guillaumin et Cie.,
Fecha de publicación, distribución, etc. 1897.
300 ## - DESCRIPCIÓN FÍSICA
Extensión XIII, 332 p. ;
Dimensiones 23 cm.
700 1# - ENTRADA AGREGADA--NOMBRE PERSONAL
Nombre de persona Vossion, Louis.
9 (RLIN) 133830
852 ## - LOCALIZACIÓN
Ubicación ES-MaACL
Número de control de estantería G-6098
Nota libre -- Enc. hol.
Holdings
Estatus retirado Estado de pérdida Estado de daño No para préstamo Colección Biblioteca de origen Biblioteca actual Ubicación en estantería Fecha de adquisición Fuente de adquisición Total de préstamos Signatura topográfica completa Código de barras Visto por última vez Precio de reemplazo Tipo de ítem Koha
        Libros del s. XIX Biblioteca del Ateneo de Madrid Biblioteca del Ateneo de Madrid Depósito 2 17/01/2008     G-6098 1173853 23/02/2023 23/02/2023 Libro impreso antiguo